000 00221 a2200097 4500
001 5736
100 _aKorn,GA
245 _aMathematical H/B for scientists & engineers
260 _a
_bMcGraw Hill
_c
090 _c4720
_d4720
942 _aNUST-CAE
_cM
_c31068
999 _c240809
_d240809